Air Quality Control /

Gespeichert in:
Bibliographische Detailangaben
1. Verfasser: Baumbach, Gunter (Verfasst von)
Format: Buch
Sprache:Englisch
Veröffentlicht: Berlin : Springer Verlag, 1996
Tags: Tag hinzufügen
Keine Tags, Fügen Sie das erste Tag hinzu!

MARC

LEADER 00000nam a22000003a 4500
001 stu16750
005 20150617225755.3
008 971027s1996----gw------------------eng-d
020 |a 3-540-57992-3 
040 |a STU  |b slo 
041 0 |a eng 
044 |a gw 
080 |a 502.53(203) 
100 1 |a Baumbach, Gunter  |4 aut 
245 1 |a Air Quality Control /  |c [aut.]Baumbach,Gunter 
260 |a Berlin :  |b Springer Verlag,  |c 1996 
300 |a 490 s :  |b Tab.,grafy,lit.,index 
996 |b C95051  |c C*95051  |l CCXXVI  |s P  |a 0  |w stu16750_0001